[Event "XXIV Andorra Open"]
[Site "Andorra la Vella AND"]
[Date "2006.07.15"]
[EventDate "2006.07.08"]
[Round "8"]
[Result "0-1"]
[White "Yvalin Bruned"]
[Black "Vinay Bhat"]
[WhiteElo "2352"]
[BlackElo "2409"]
[PlyCount "116"]

1. e4 e6 2. d4 d5 3. Nd2 Nf6 4. e5 Nfd7 5. Bd3 c5 6. c3 Nc6
7. Ne2 cxd4 8. cxd4 f6 9. exf6 Nxf6 10. O-O Bd6 11. Nf3 Qc7
12. Bg5 O-O 13. Rc1 h6 14. Bh4 Nh5 15. Bg3 Nxg3 16. Nxg3 a6
17. Bb1 g5 18. Qd3 Qf7 19. Rce1 Bd7 20. a3 Kh8 21. Re2 Rg8
22. Rfe1 Rg7 23. b4 Rf8 24. Rb2 Bb8 25. Qe3 Bf4 26. Qd3 g4
27. Ne5 Nxe5 28. dxe5 h5 29. Qd4 Bh6 30. Bd3 h4 31. Nf1 Rg5
32. Qe3 Qe7 33. Qd4 Qf7 34. Qe3 Qh5 35. Qd4 Bg7 36. Rbe2 Bc6
37. Bb1 Kg8 38. Bd3 Qf7 39. Nd2 Ba4 40. g3 Bh6 41. Rf1 Rg7
42. f4 gxf3 43. Rxf3 Qe7 44. Rxf8+ Kxf8 45. g4 Kg8 46. h3 Qc7
47. Nf3 Bd1 48. Rf2 Qc1 49. Qc5 Qxc5 50. bxc5 Be3 51. Kg2 Bxf2
52. Kxf2 Bxf3 53. Kxf3 Rc7 54. g5 Rxc5 55. Kg4 Rc3 56. Be2 d4
57. Kxh4 d3 58. Bg4 Rc4 0-1

[Event "2nd San Marino Open"]
[Site "Sochi RUS"]
[Date "2006.06.06"]
[EventDate "2006.04.20"]
[Round "2"]
[Result "0-1"]
[White "Vinay Bhat"]
[Black "Varuzhan Akobian"]
[WhiteElo "2409"]
[BlackElo "2575"]
[PlyCount "104"]

1. e4 d6 2. d4 Nf6 3. Nc3 c6 4. g3 e5 5. Nge2 Nbd7 6. a4 a5
7. Bg2 Be7 8. O-O O-O 9. h3 Re8 10. Be3 Bf8 11. g4 exd4
12. Bxd4 Nc5 13. Ng3 Nfd7 14. Qd2 g6 15. Rad1 b6 16. f4 Ba6
17. Rfe1 Qc7 18. b3 Ne6 19. Be3 Rad8 20. Qf2 Bg7 21. Nce2 Bxe2
22. Rxe2 b5 23. Red2 bxa4 24. bxa4 Bf8 25. h4 Nec5 26. Bd4
Nxa4 27. Ba1 Qb6 28. Bd4 Qb4 29. Qf3 Rb8 30. h5 Nb2 31. Bc3
Qa3 32. Rf1 Na4 33. Rd3 Nxc3 34. Rxc3 Qb2 35. hxg6 hxg6 36. e5
Qb6+ 37. Kh2 d5 38. Nf5 Bb4 39. Rd3 Nc5 40. Nh6+ Kg7 41. f5
Qc7 42. fxg6 Qxe5+ 43. Kh1 f6 44. Nf7 Rh8+ 45. Bh3 Qe4 46. Kh2
Qxg6 47. Nxh8 Rxh8 48. Re3 Ne4 49. Qf5 Qxf5 50. Rxf5 Ng5
51. Kg2 a4 52. Rf4 Bd2 0-1

[Event "US Chess League"]
[Site "ICC INT"]
[Date "2008.10.22"]
[EventDate "2008.10.22"]
[Round "9"]
[Result "1/2-1/2"]
[White "Vinay Bhat"]
[Black "Davorin Kuljasevic"]
[WhiteElo "2498"]
[BlackElo "2521"]
[PlyCount "95"]

1. d4 Nf6 2. c4 g6 3. Nc3 d5 4. Nf3 Bg7 5. Bg5 Ne4 6. Bh4 Nxc3
7. bxc3 dxc4 8. e3 Be6 9. Qb1 Nd7 10. Ng5 Nb6 11. Nxe6 fxe6
12. Be2 O-O 13. O-O e5 14. Qb4 Bf6 15. Bxc4+ Kg7 16. Bg3 exd4
17. exd4 c5 18. dxc5 Nxc4 19. Qxc4 Rc8 20. Rab1 Qa5 21. Rb5
Qa6 22. Qb4 Qxa2 23. Rxb7 Qd5 24. Rxa7 Rxc5 25. h3 Kg8 26. Rc7
Rc8 27. Rxc8+ Rxc8 28. Bh4 g5 29. Bg3 Rxc3 30. Re1 Rd3 31. Qg4
Rd4 32. Qh5 Qf7 33. Qf3 Qd5 34. Qh5 Qf7 35. Qe2 Qc4 36. Qe3
Qd5 37. Kh2 Rd3 38. Qe2 Rd2 39. Qh5 Qf7 40. Qg4 h5 41. Qf5 Rd5
42. Qe4 Rd4 43. Qe3 Qd5 44. Be5 Rd3 45. Qe2 Rd2 46. Qe3 Rd3
47. Qe2 Rd2 48. Qe3 1/2-1/2

[Event "United States Chess League"]
[Site "Internet Chess Club"]
[Date "2008.09.03"]
[EventDate "2008.??.??"]
[Round "2"]
[Result "1-0"]
[White "Vinay Bhat"]
[Black "Emory A Tate"]
[WhiteElo "2481"]
[BlackElo "2392"]
[PlyCount "91"]

1. d4 b6 2. e4 e6 3. Nd2 c5 4. c3 Ne7 5. Ngf3 d5 6. e5 Qd7
7. h4 Ba6 8. Bxa6 Nxa6 9. Qe2 c4 10. h5 b5 11. h6 gxh6 12. Nf1
b4 13. Ng3 bxc3 14. bxc3 Qa4 15. Rb1 Ng6 16. Nh5 Be7 17. Bxh6
Nc7 18. Nh2 Nb5 19. Qf3 O-O-O 20. O-O Rd7 21. Ng4 Nh4 22. Qh3
Nf5 23. Bf4 Rb7 24. Ngf6 Rd8 25. g4 Nfxd4 26. cxd4 Nxd4
27. Rxb7 Kxb7 28. Ng3 Bxf6 29. exf6 e5 30. Be3 Qc2 31. f4 Qd3
32. Bxd4 Qxd4+ 33. Kh1 exf4 34. Ne2 Qe3 35. Qg2 Kc6 36. Rxf4
Kc5 37. Rf5 Kb4 38. Rf3 Qh6+ 39. Kg1 d4 40. Rf4 Ka3 41. Qb7
Qh4 42. Qxa7+ Kb2 43. Qb6+ Kc2 44. Qxd8 d3 45. Nd4+ Kc3
46. Qa5+ 1-0

[Event "United States Chess League"]
[Site "Internet Chess Club"]
[Date "2008.09.29"]
[EventDate "2008.??.??"]
[Round "6"]
[Result "1/2-1/2"]
[White "Rogelio Barcenilla"]
[Black "Vinay Bhat"]
[WhiteElo "2560"]
[BlackElo "2481"]
[PlyCount "143"]

1. e4 e5 2. Nf3 Nc6 3. Bb5 a6 4. Bxc6 dxc6 5. Nc3 Qd6 6. d4
exd4 7. Nxd4 c5 8. Nde2 Qxd1+ 9. Nxd1 Bd7 10. Bf4 O-O-O
11. Ne3 Re8 12. f3 Ne7 13. Kf2 Ng6 14. Bg3 Be7 15. h4 h5
16. Rad1 Be6 17. f4 Bd7 18. f5 Nf8 19. e5 c4 20. Nd4 Bc5
21. c3 b5 22. Rhe1 g6 23. f6 Ne6 24. Kf1 Rd8 25. Nec2 Rhe8
26. b4 cxb3 27. Nxb3 Bf8 28. Bf2 c5 29. Na5 Kc7 30. Ne3 Kb6
31. Nb3 Bc6 32. c4 Nc7 33. Rxd8 Rxd8 34. a3 Rd3 35. Rb1 Ne6
36. Ke2 Rxb3 37. Rxb3 Nd4+ 38. Kd3 Nxb3 39. g4 hxg4 40. Nxg4
bxc4+ 41. Kxc4 Nd2+ 42. Kd3 Nf3 43. Bg3 Nd4 44. Bf4 Bb5+
45. Ke4 Bc6+ 46. Kd3 Nf5 47. Bg5 Kb5 48. e6 fxe6 49. Ne5 Nd6
50. f7 c4+ 51. Kc2 Be4+ 52. Kc3 Bg7 53. Bf6 Bh6 54. Be7 Nf5
55. f8=Q Bxf8 56. Bxf8 Nxh4 57. Nxc4 Bf5 58. Ne5 Ng2 59. Be7
Ne3 60. Kd4 Nd5 61. Bd6 g5 62. Nf7 g4 63. Nh6 Nf6 64. Be5 Ne4
65. Nxg4 Ka4 66. Nf6 Nxf6 67. Bxf6 Kxa3 68. Kc4 a5 69. Be7+
Ka4 70. Kc3 Kb5 71. Kb2 Kc4 72. Ka1 1/2-1/2

[Event "United States Chess League"]
[Site "Internet Chess Club"]
[Date "2008.11.10"]
[EventDate "2008.??.??"]
[Round "11"]
[Result "1-0"]
[White "Davorin Kuljasevic"]
[Black "Vinay Bhat"]
[WhiteElo "2528"]
[BlackElo "2481"]
[PlyCount "97"]

1. d4 d5 2. c4 c6 3. Nf3 Nf6 4. Nc3 dxc4 5. a4 Bf5 6. e3 e6
7. Bxc4 Bb4 8. O-O Nbd7 9. Qe2 O-O 10. e4 Bg6 11. Bd3 Bh5
12. e5 Nd5 13. Nxd5 cxd5 14. Qe3 Bg6 15. Ng5 Re8 16. Bxg6 fxg6
17. Qd3 Nf8 18. Be3 Qb6 19. Rfc1 Rec8 20. Nh3 Ba5 21. b3 Qd8
22. Nf4 g5 23. Ne2 h6 24. Rf1 Qc7 25. Ra2 Qd7 26. f4 gxf4
27. Rxf4 Bd8 28. Rg4 g5 29. Nf4 Qh7 30. Qd1 Rc3 31. Bd2 Rc6
32. h4 Kh8 33. Nh5 Qg6 34. Nf4 Qf5 35. hxg5 Bxg5 36. Nh3 Bxd2
37. Rxd2 Rac8 38. Kh2 Rc1 39. Qe2 Ng6 40. Rd3 R8c3 41. Rdg3
Rxg3 42. Rxg3 Kg7 43. Rf3 Qc2 44. Qb5 Qc6 45. Qa5 Qb6 46. Qd2
Qc7 47. Nf4 Nxf4 48. Qxf4 Kh7 49. Qf8 1-0

[Event "Cappelle la Grande"]
[Site "Cappelle la Grande FRA"]
[Date "2009.03.01"]
[EventDate "2009.02.28"]
[Round "2"]
[Result "0-1"]
[White "Vinay Bhat"]
[Black "Piotr Bobras"]
[WhiteElo "2495"]
[BlackElo "2554"]
[PlyCount "86"]

1. d4 Nf6 2. c4 g6 3. Nc3 d5 4. Nf3 Bg7 5. Bg5 Ne4 6. Bh4 Nxc3
7. bxc3 dxc4 8. e3 Be6 9. Qb1 b6 10. Ng5 Bd5 11. e4 h6 12. Nh3
Bb7 13. Bxc4 c5 14. Nf4 g5 15. Bxf7+ Kxf7 16. Qb3+ Bd5
17. exd5 Qd6 18. O-O Nd7 19. Rfe1 Nf8 20. dxc5 bxc5 21. Bg3
gxf4 22. Bxf4 Qxf4 23. d6+ e6 24. Qb7+ Kg6 25. Qxa8 Bxc3
26. Re4 Qf5 27. Rae1 Bxe1 28. Rxe1 Rh7 29. f3 Rd7 30. Re4 h5
31. g4 Qf7 32. Qc6 Kh7 33. Rc4 hxg4 34. fxg4 Ng6 35. Rxc5 e5
36. Rb5 Qe6 37. Rb7 Qxg4+ 38. Kf1 Nf8 39. Rxd7+ Nxd7 40. Qc7
Qd1+ 41. Kf2 Qa4 42. Kf1 Kg6 43. Qc8 Qd1+ 0-1

[Event "Cappelle la Grande"]
[Site "Cappelle la Grande FRA"]
[Date "2009.03.02"]
[EventDate "2009.02.28"]
[Round "3"]
[Result "0-1"]
[White "M Hrabinska"]
[Black "Vinay Bhat"]
[WhiteElo "2277"]
[BlackElo "2495"]
[PlyCount "38"]

1. e4 e5 2. Nf3 Nc6 3. d4 exd4 4. Nxd4 Bc5 5. Be3 Qf6 6. c3
Nge7 7. g3 h5 8. Bg2 h4 9. O-O hxg3 10. hxg3 Ne5 11. Nc2 d6
12. Bxc5 Qh6 13. f3 Qh2+ 14. Kf2 Bh3 15. Ne3 Bxg2 16. Nxg2
dxc5 17. Na3 Rd8 18. Qa4+ N7c6 19. Qc2 Rd3 0-1

[Event "Cappelle la Grande"]
[Site "Cappelle la Grande FRA"]
[Date "2009.03.02"]
[EventDate "2009.02.28"]
[Round "4"]
[Result "0-1"]
[White "Vinay Bhat"]
[Black "A Graf"]
[WhiteElo "2495"]
[BlackElo "2643"]
[PlyCount "50"]

1. d4 d5 2. c4 c6 3. Nc3 Nf6 4. e3 g6 5. Nf3 Bg7 6. Bd3 O-O
7. O-O Be6 8. cxd5 Nxd5 9. e4 Nb6 10. Be2 Bg4 11. e5 Na6
12. h3 Bf5 13. Bg5 Nc7 14. Qb3 Be6 15. Qa3 f6 16. Bh4 Kh8
17. Ne4 Bd5 18. Nc5 Bxf3 19. Bxf3 Qxd4 20. exf6 exf6 21. Bg3
Nb5 22. Qe3 Nc4 23. Qxd4 Nxd4 24. Nxb7 f5 25. Rac1 Nd2 0-1

[Event "Cappelle la Grande"]
[Site "Cappelle la Grande FRA"]
[Date "2009.03.03"]
[EventDate "2009.02.28"]
[Round "5"]
[Result "0-1"]
[White "Mario Mancini"]
[Black "Vinay Bhat"]
[WhiteElo "2258"]
[BlackElo "2495"]
[PlyCount "88"]

1. d4 d5 2. c4 c6 3. Nf3 Nf6 4. Nc3 dxc4 5. a4 Bf5 6. Ne5 Nbd7
7. Nxc4 Nb6 8. Ne5 a5 9. f3 Nfd7 10. Nxd7 Nxd7 11. e4 Bg6
12. Be3 e6 13. Be2 Bb4 14. O-O O-O 15. Qb3 Qc7 16. Rac1 Rad8
17. Rfd1 Qb8 18. Kh1 Rfe8 19. Bc4 h6 20. Ne2 Bd6 21. e5 Bb4
22. Nf4 Bh7 23. Nd3 b5 24. Nxb4 bxc4 25. Rxc4 axb4 26. Rxb4
Qa8 27. Rc1 Rb8 28. h3 Rxb4 29. Qxb4 Rb8 30. Qd6 Nb6 31. Rxc6
Nd5 32. a5 Rd8 33. Ra6 Qb8 34. Qxb8 Rxb8 35. Bd2 Bd3 36. Rc6
Rxb2 37. a6 Bxa6 38. Bxh6 Bf1 39. Bc1 Bxg2+ 40. Kh2 Ra2
41. Kg3 Bf1 42. Kg4 Rg2+ 43. Kh5 g6+ 44. Kh6 Ne7 0-1

[Event "Reykjavik Open"]
[Site "Reykjavik"]
[Date "2009.03.29"]
[EventDate "2009.03.24"]
[Round "6.25"]
[Result "1-0"]
[White "Vinay Bhat"]
[Black "Tomas Bjornsson"]
[WhiteElo "2495"]
[BlackElo "2173"]
[PlyCount "89"]

1. d4 d5 2. c4 dxc4 3. Nf3 Nf6 4. e3 e6 5. Bxc4 c5 6. O-O a6
7. Bb3 b5 8. a4 c4 9. Bc2 Bb7 10. Re1 Nc6 11. Nc3 Qb6 12. e4
b4 13. Ne2 b3 14. Bb1 O-O-O 15. e5 Nd5 16. Bd2 Bb4 17. Qc1 Na5
18. Be4 h6 19. h4 Kb8 20. Nc3 Rd7 21. Re2 Rc8 22. Qe1 Nxc3
23. Bxc3 Bxc3 24. Qxc3 Bxe4 25. Rxe4 Nc6 26. Qxc4 Nxd4 27. Qd3
Nxf3+ 28. Qxf3 a5 29. Ra3 Rb7 30. Re3 Rc1+ 31. Kh2 Qd4 32. g3
Qd1 33. Raxb3 Qxf3 34. Rxf3 Rxb3 35. Rxb3+ Kc7 36. Rf3 Rc2
37. Rxf7+ Kc6 38. b3 Kd5 39. Kg2 Kxe5 40. Rxg7 Rb2 41. Ra7
Rxb3 42. Rxa5+ Kf6 43. Rh5 Kg6 44. Re5 Kf6 45. Re3 1-0

[Event "Spice Cup (B Group)"]
[Site "Lubbock"]
[Date "2009.09.21"]
[EventDate "?"]
[Round "4"]
[Result "1/2-1/2"]
[White "Vinay Bhat"]
[Black "Gabor Papp"]
[WhiteElo "2459"]
[BlackElo "2562"]
[PlyCount "65"]

1.d4 Nf6 2.c4 e6 3.Nf3 b6 4.g3 Ba6 5.Qc2 c5 6.d5 exd5 7.cxd5
Bb7 8.Bg2 Nxd5 9.O-O Be7 10.Rd1 Qc8 11.a3 Nf6 12.Bg5 d5
13.Bxf6 Bxf6 14.Nc3 Bxc3 15.bxc3 Na6 16.Nh4 g6 17.Bxd5 Bxd5
18.Rxd5 O-O 19.Rad1 Nc7 20.Rd7 Nb5 21.R1d5 a6 22.Qd2 Ra7
23.Rd8 Qe6 24.Qh6 Re8 25.c4 Nc7 26.R5d6 Qxe2 27.R8d7 Qxc4
28.Nf3 Nb5 29.Ng5 Re1 30.Kg2 Qf1 31.Kf3 Qe2 32.Kg2 Qf1 33.Kf3
1/2-1/2

[Event "Spice Cup (B Group)"]
[Site "Lubbock"]
[Date "2009.09.22"]
[EventDate "?"]
[Round "5"]
[Result "0-1"]
[White "Gergely Antal"]
[Black "Vinay Bhat"]
[WhiteElo "2486"]
[BlackElo "2459"]
[PlyCount "54"]

1.e4 e5 2.Nf3 Nc6 3.d4 exd4 4.Nxd4 Bc5 5.Nxc6 Qf6 6.Qf3 dxc6
7.Nd2 Be6 8.Nb3 Bb6 9.Bd3 O-O-O 10.Qg3 Qg6 11.Bg5 Nf6 12.f3
Nh5 13.Qh4 f6 14.Bd2 Qxg2 15.O-O-O Qxf3 16.Rdf1 Qh3 17.Qe1
Rhe8 18.Kb1 Rxd3 19.cxd3 Qxd3 20.Ka1 Bh3 21.Qh4 Bxf1 22.Qxh5
Kd8 23.Bc1 Qh3 24.Qd1 Bd3 25.Re1 Kc8 26.Be3 Rxe4 27.Qxd3 Rxe3
0-1

[Event "Spice Cup (B Group)"]
[Site "Lubbock"]
[Date "2009.09.26"]
[EventDate "?"]
[Round "8"]
[Result "1/2-1/2"]
[White "Vinay Bhat"]
[Black "Eugene Perelshteyn"]
[WhiteElo "2459"]
[BlackElo "2542"]
[PlyCount "32"]

1.d4 Nf6 2.c4 e6 3.Nf3 d5 4.Nc3 Bb4 5.cxd5 exd5 6.Bg5 h6 7.Bh4
g5 8.Bg3 Ne4 9.Nd2 Nxg3 10.hxg3 c6 11.e3 Be6 12.Qb3 Qb6 13.Bd3
Nd7 14.O-O-O O-O-O 15.Qc2 Kb8 16.Kb1 Be7 1/2-1/2

[Event "Continental Absolute Champions"]
[Site "Sao Paulo"]
[Date "2009.07.29"]
[EventDate "2009.07.25"]
[Round "6.6"]
[Result "1-0"]
[White "Giovanni Vescovi"]
[Black "Vinay Bhat"]
[WhiteElo "2631"]
[BlackElo "2473"]
[PlyCount "61"]

1. d4 d5 2. c4 c6 3. Nf3 Nf6 4. e3 e6 5. b3 Ne4 6. Bd3 Bb4+
7. Nbd2 f5 8. Ne5 O-O 9. O-O b6 10. f3 Nf6 11. Bb2 Nfd7 12. f4
Nxe5 13. fxe5 Bb7 14. Nf3 Nd7 15. Qe2 Be7 16. Rac1 a6 17. Rc2
Rf7 18. Rfc1 Nf8 19. cxd5 cxd5 20. Nd2 b5 21. a3 Rc8 22. Rxc8
Bxc8 23. a4 bxa4 24. bxa4 Bd7 25. Ra1 Qb6 26. Bc3 f4 27. exf4
Rxf4 28. Nf3 a5 29. Qd2 Bb4 30. Bxb4 Rxf3 31. Bc5 1-0

[Event "Continental Absolute Champions"]
[Site "Sao Paulo"]
[Date "2009.07.30"]
[EventDate "2009.07.25"]
[Round "7.21"]
[Result "1/2-1/2"]
[White "Ivan Kuhlmann Nogueira"]
[Black "Vinay Bhat"]
[WhiteElo "2335"]
[BlackElo "2473"]
[PlyCount "37"]

1. e4 e6 2. d4 d5 3. exd5 exd5 4. Nf3 Nc6 5. Bb5 Bd6 6. c4
dxc4 7. d5 a6 8. Ba4 b5 9. dxc6 bxa4 10. O-O Ne7 11. Qxa4 Rb8
12. Nbd2 Rb4 13. Qc2 O-O 14. Nxc4 Bf5 15. Qc3 Nd5 16. Qd4 Ne7
17. Qc3 Nd5 18. Qd4 Ne7 19. Qc3 1/2-1/2

[Event "Gibraltar"]
[Site "Caleta ENG"]
[Date "2010.01.29"]
[EventDate "2010.01.26"]
[Round "4"]
[Result "1/2-1/2"]
[White "Vinay Bhat"]
[Black "Y Duhayon"]
[WhiteElo "2540"]
[BlackElo "2241"]
[PlyCount "77"]

1. e4 e5 2. Nf3 Nc6 3. Bb5 Nge7 4. c3 g6 5. O-O Bg7 6. d4 exd4
7. cxd4 d5 8. e5 O-O 9. h3 f6 10. exf6 Rxf6 11. Bxc6 bxc6
12. Bg5 Re6 13. Nc3 Qf8 14. Qd2 h6 15. Be3 Nf5 16. Bf4 Nd6
17. Ne5 g5 18. Bh2 Ba6 19. Rfe1 Rae8 20. Na4 Ne4 21. Qc2 Bxe5
22. Bxe5 Rxe5 23. dxe5 Bd3 24. Qxc6 Qxf2+ 25. Kh2 Qg3+ 26. Kg1
Qf2+ 27. Kh1 Rxe5 28. Nc5 Ng3+ 29. Kh2 Bf1 30. Qg6+ Kh8
31. Qxh6+ Kg8 32. Qg6+ Kh8 33. Qh6+ Kg8 34. Qg6+ Kh8 35. Rxf1
Nxf1+ 36. Rxf1 Qxf1 37. Qh6+ Kg8 38. Qg6+ Kh8 39. Qh6+ 1/2-1/2

[Event "Gibraltar"]
[Site "Caleta ENG"]
[Date "2010.01.30"]
[EventDate "2010.01.26"]
[Round "5"]
[Result "0-1"]
[White "J Perez Pardo"]
[Black "Vinay Bhat"]
[WhiteElo "2297"]
[BlackElo "2540"]
[PlyCount "74"]

1. d4 d5 2. c4 c6 3. Nf3 Nf6 4. e3 e6 5. Nbd2 c5 6. dxc5 Bxc5
7. a3 a5 8. Qc2 O-O 9. Bd3 b6 10. cxd5 exd5 11. b3 Bb7 12. Bb2
Nbd7 13. Bd4 Qe7 14. Qb2 Ne4 15. O-O f6 16. Nxe4 dxe4 17. Bc4+
Kh8 18. Bxc5 bxc5 19. Nd2 Ne5 20. a4 f5 21. Be2 f4 22. exf4
Ng6 23. Nc4 Nxf4 24. Ne3 Qg5 25. Kh1 Nd3 26. Bxd3 exd3
27. Rad1 Rad8 28. Qd2 Rfe8 29. f4 Qg6 30. Nc4 h6 31. Ne5 Qh5
32. Rde1 Rd4 33. Re3 Rf8 34. Nxd3 Rfd8 35. Qc3 Ba6 36. Rff3
Bxd3 37. Re5 Be4 0-1

[Event "Gibraltar"]
[Site "Caleta ENG"]
[Date "2010.01.31"]
[EventDate "2010.01.26"]
[Round "6"]
[Result "1-0"]
[White "Vinay Bhat"]
[Black "Yohann Benitah"]
[WhiteElo "2540"]
[BlackElo "2390"]
[PlyCount "55"]

1. d4 d5 2. c4 c6 3. Nf3 Nf6 4. Nc3 dxc4 5. a4 Bf5 6. Ne5 Nbd7
7. Nxc4 Qc7 8. g3 e5 9. dxe5 Nxe5 10. Bf4 Nfd7 11. Bg2 f6
12. O-O O-O-O 13. Rc1 Nb6 14. Nxb6+ Qxb6 15. Nd5 Qxb2 16. e4
Be6 17. Rc2 Qa3 18. Qd4 Kb8 19. Rxc6 Bxd5 20. exd5 Bd6 21. Be3
Nxc6 22. dxc6 b6 23. c7+ Bxc7 24. Qe4 Kc8 25. Qb7+ Kd7
26. Qc6+ Kc8 27. Bf4 Qc5 28. Bh3+ 1-0

[Event "Gibraltar"]
[Site "Caleta ENG"]
[Date "2010.02.03"]
[EventDate "2010.01.26"]
[Round "9"]
[Result "0-1"]
[White "Alan Tate"]
[Black "Vinay Bhat"]
[WhiteElo "2210"]
[BlackElo "2540"]
[PlyCount "64"]

1. e4 e6 2. d4 d5 3. Nd2 Nf6 4. e5 Nfd7 5. Bd3 c5 6. c3 Nc6
7. Ngf3 g5 8. h3 h5 9. a3 Rg8 10. g4 Rh8 11. O-O hxg4 12. hxg4
Qb6 13. b4 cxd4 14. cxd4 Nxd4 15. Bb2 Nc6 16. Nb3 Bg7 17. Qe2
d4 18. Kg2 Ndxe5 19. Nxe5 Nxe5 20. Bxd4 Nxd3 21. Qxd3 Bxd4
22. Nxd4 Bd7 23. b5 Qd6 24. Rh1 O-O-O 25. Qc3+ Kb8 26. f3 Rxh1
27. Rxh1 e5 28. Nf5 Bxf5 29. gxf5 Rc8 30. Qe3 Rc2+ 31. Kg3 e4+
32. Kg4 Rg2+ 0-1

[Event "Gibraltar"]
[Site "Caleta ENG"]
[Date "2010.02.04"]
[EventDate "2010.01.26"]
[Round "10"]
[Result "1-0"]
[White "Vinay Bhat"]
[Black "Tania Sachdev"]
[WhiteElo "2540"]
[BlackElo "2398"]
[PlyCount "87"]

1. c4 e5 2. Nc3 Nf6 3. Nf3 Nc6 4. e4 Bc5 5. Nxe5 Nxe5 6. d4
Bb4 7. dxe5 Nxe4 8. Qf3 d5 9. Be2 Be6 10. O-O Bxc3 11. bxc3 c6
12. cxd5 Qxd5 13. Bf4 f5 14. Rab1 O-O-O 15. Qe3 Qa5 16. Rfc1
g5 17. Bxg5 Nxg5 18. Qxg5 Qxe5 19. Bf3 Rhg8 20. Qh4 Bxa2
21. Ra1 Bd5 22. Bxd5 Qxd5 23. g3 Kb8 24. Qf4+ Ka8 25. Qc7 a6
26. c4 Qc5 27. Rcb1 Qa7 28. Ra5 f4 29. Qxf4 Rgf8 30. Rf5 Rxf5
31. Qxf5 h6 32. Qh7 Rf8 33. c5 Rd8 34. Rc1 Qb8 35. Qxh6 Qe5
36. Qe3 Qb2 37. Kg2 Rd2 38. Rh1 a5 39. h4 a4 40. h5 a3 41. Rh4
Kb8 42. Ra4 Rd5 43. Qe8+ Kc7 44. Ra8 1-0

[Event "US Championships"]
[Site "Saint Louis USA"]
[Date "2010.05.23"]
[EventDate "2010.05.14"]
[Round "9"]
[Result "1/2-1/2"]
[White "Alex Lenderman"]
[Black "Vinay Bhat"]
[WhiteElo "2598"]
[BlackElo "2547"]
[PlyCount "60"]

1. d4 Nf6 2. c4 e6 3. g3 d5 4. Nf3 dxc4 5. Qa4+ c6 6. Qxc4 b5
7. Qc2 Bb7 8. Bg2 Nbd7 9. Nc3 c5 10. dxc5 Bxc5 11. a3 Rc8
12. Qd3 a6 13. O-O O-O 14. Be3 Nb6 15. Qxd8 Rfxd8 16. Bxc5
Rxc5 17. Rfd1 Rdc8 18. Ne1 Bxg2 19. Kxg2 Nc4 20. Nd3 R5c7
21. Rac1 Nxa3 22. Ra1 Nc4 23. Rxa6 Nxb2 24. Nxb5 Nxd1 25. Nxc7
Nc3 26. e3 Nfd5 27. Nxd5 Nxd5 28. Nf4 Nxf4+ 29. exf4 h5 30. h4
g6 1/2-1/2